South Eastern Kenya University

Library Online Public Access Catalogue


Principles of Mathematics / (Record no. 13007)

MARC details
000 -LEADER
fixed length control field 00415nam a22001577a 4500
003 - CONTROL NUMBER IDENTIFIER
control field OSt
005 - DATE AND TIME OF LATEST TRANSACTION
control field 20160426084153.0
008 - FIXED-LENGTH DATA ELEMENTS--GENERAL INFORMATION
fixed length control field 160426b xxu||||| |||| 00| 0 eng d
040 ## - CATALOGING SOURCE
Original cataloging agency SEKU
050 ## - LIBRARY OF CONGRESS CALL NUMBER
Classification number QA 169
Item number .B3
245 ## - TITLE STATEMENT
Title Principles of Mathematics /
Statement of responsibility, etc. edited by Baker, Paul L.
300 ## - PHYSICAL DESCRIPTION
Extent 294 p.
500 ## - GENERAL NOTE
General note includes bibliographical references
650 ## - SUBJECT ADDED ENTRY--TOPICAL TERM
Topical term or geographic name as entry element Mathematics
General subdivision Philosophy.
942 ## - ADDED ENTRY ELEMENTS (KOHA)
Source of classification or shelving scheme Library of Congress Classification
Koha item type General circulation
Holdings
Withdrawn status Lost status Source of classification or shelving scheme Damaged status Not for loan Home library Current library Shelving location Date acquired Source of acquisition Total Checkouts Full call number Barcode Date last seen Date last checked out Price effective from Koha item type Public note
    Library of Congress Classification     Main Campus Library Main Campus Library General Stacks 26/04/2016 Donation-Books for Africa 1 QA 169 .B3 2016/015779 20/03/2018 19/03/2018 26/04/2016 General circulation TNY
Kitui, Kenya.
+254736116989
library@seku.ac.ke